Lịch sử tư tưởng Việt Nam Văn tuyển T.2 Tư tưởng Việt Nam thời kỳ Trần - Hồ
Tuyển chọn và giới thiệu tư liệu lịch sử tư tưởng Việt Nam thời kỳ Trần-Hồ. Tư tưởng của các quân vương. Các nhà tư tưởng và trích tuyển các tác phẩm tiêu biểu của họ
שמור ב:
| מחברים אחרים: | , , |
|---|---|
| פורמט: | ספר |
| שפה: | Vietnamese |
| יצא לאור: |
H.
Chính trị Quốc gia
2004
|
| נושאים: | |
| תגים: |
הוספת תג
אין תגיות, היה/י הראשונ/ה לתייג את הרשומה!
|
| Thư viện lưu trữ: | Mạng thư viện Đại học Đà Nẵng |
|---|
| LEADER | 01798aam a22004218a 4500 | ||
|---|---|---|---|
| 001 | 000009924 | ||
| 003 | 6122 | ||
| 005 | 20111104071132.0 | ||
| 008 | 111104s2004 viesd | ||
| 020 | |c 51000đ |d 540b | ||
| 041 | |a vie | ||
| 082 | |a 959.7045 |b Lic | ||
| 084 | |b L302S | ||
| 084 | |a Y3(1)4 | ||
| 245 | |a Lịch sử tư tưởng Việt Nam |b Văn tuyển |c B.s.: Trần Nguyên Việt (ch.b.), Lê Thị Lan, Hoàng Kim Kính ; Chương Thâu h.đ. |n T.2 |p Tư tưởng Việt Nam thời kỳ Trần - Hồ | ||
| 260 | |a H. |b Chính trị Quốc gia |c 2004 | ||
| 300 | |a 478tr. |c 21cm | ||
| 500 | |a ĐTTS ghi: Trung tâm Khoa học Xã hội và Nhân văn Quốc gia. Viện Triết học | ||
| 520 | |a Tuyển chọn và giới thiệu tư liệu lịch sử tư tưởng Việt Nam thời kỳ Trần-Hồ. Tư tưởng của các quân vương. Các nhà tư tưởng và trích tuyển các tác phẩm tiêu biểu của họ | ||
| 650 | 7 | |2 Bộ TK TVQG |a Tư tưởng | |
| 650 | 7 | |2 Bộ TK TVQG |a Nho giáo | |
| 650 | 7 | |2 Bộ TK TVQG |a Triết học | |
| 651 | 7 | |2 Bộ TK TVQG |a Việt Nam | |
| 700 | 0 | |a Trần Nguyên Việt |e ch.b. | |
| 700 | 0 | |a Lê Thị Lan |e b.s. | |
| 700 | 0 | |a Hoàng Kim Kính |e b.s. | |
| 773 | |t Lịch sử tư tưởng Việt Nam |w 6123 | ||
| 910 | |a Nguyễn Thị Kim Oanh |d 4/11/2011 | ||
| OWN | |a LSP | ||
| AVA | |a UDN50 |b LSP |d 959.7045 Lic |e available |t Error 5001 Not defined in file expand_doc_bib_avail. |f 10 |g 0 |h N |i 0 |k 1 | ||
| 999 | |a From the UDN01 | ||
| AVA | |a UDN50 |b LSP |d 959.7045 Lic |e available |t Error 5001 Not defined in file expand_doc_bib_avail. |f 10 |g 0 |h N |i 0 |k 1 | ||
| TYP | |a Monograph | ||
| TYP | |a Printed language | ||
| 980 | |a Mạng thư viện Đại học Đà Nẵng | ||